00824nam a2200193 a 450000100100000000500170001000800410002702000150006804000250008324500710010826000720017930000280025149000520027950000730033170000320040471000720043695201050050899900170061300004189620201002035822.0131021s2001 sp 000 0 spa d a8400047281 aDO-SdBNPbspacBNPHU00aTejer y vestir :bde la Antigüedad al Islam /cMarín, Manuela. aMadrid :bConsejo Superior de Investigaciones Científicas,c2001. a500 p. :bil. ;c25 cm.1 aEstudios arabes e islámicosaMonografíasv1 aIncluye referencias bibliografícas y notas al pie de las páginas1 aManuela Maríneed.9687832 aConsejo Superior de Investigaciones Científicas (España)915178 001050718MOaGRbGRcCTd2013-10-21iLF1l0o p41896-10r2020-06-25w2020-06-25y1ZNo se presta c41385d41385